|
|
|
|
| LEADER |
00000cam a2200000 c 4500 |
| 001 |
1841648760 |
| 003 |
DE-627 |
| 005 |
20251226210211.0 |
| 007 |
tu |
| 008 |
230405s2024 gw ||||| m 00| ||ger c |
| 015 |
|
|
|a 23,N14
|2 dnb
|
| 016 |
7 |
|
|a 128487107X
|2 DE-101
|
| 020 |
|
|
|a 9783525573594
|c Festeinband : EUR 150.00 (DE), EUR 144.00 (AT)
|9 978-3-525-57359-4
|
| 020 |
|
|
|a 3525573596
|9 3-525-57359-6
|
| 024 |
3 |
|
|a 9783525573594
|
| 028 |
5 |
2 |
|a VUR0010032
|
| 035 |
|
|
|a (DE-627)1841648760
|
| 035 |
|
|
|a (DE-599)DNB128487107X
|
| 035 |
|
|
|a (OCoLC)1389338515
|
| 040 |
|
|
|a DE-627
|b ger
|c DE-627
|e rda
|
| 041 |
|
|
|a ger
|
| 044 |
|
|
|c XA-DE-NI
|
| 072 |
|
7 |
|a 8542
|2 wsb
|
| 082 |
0 |
|
|a 221.04
|q DE-101
|2 23/ger
|
| 082 |
0 |
4 |
|a 220
|a 490
|q DE-101
|
| 084 |
|
|
|a 1
|2 ssgn
|
| 084 |
|
|
|a 11.41
|2 bkl
|
| 084 |
|
|
|a 17.56
|2 bkl
|
| 084 |
|
|
|a 18.75
|2 bkl
|
| 100 |
1 |
|
|e VerfasserIn
|0 (DE-588)1159673918
|0 (DE-627)1022339893
|0 (DE-576)50518950X
|4 aut
|a Bindrim, David
|d 1987-
|
| 109 |
|
|
|a Bindrim, David 1987-
|a Gropp, David 1987-
|
| 245 |
1 |
4 |
|a Die Flamme des Herrn?
|b eine philologische und theologische Untersuchung der Wurzel אהב (ahav) im Alten Testament
|c David Bindrim
|
| 246 |
3 |
0 |
|6 880-01
|a ʾhv
|
| 264 |
|
1 |
|a Göttingen
|b Vandenhoeck & Ruprecht
|c [2024]
|
| 264 |
|
4 |
|c © 2024
|
| 300 |
|
|
|a X, 534 Seiten
|
| 336 |
|
|
|a Text
|b txt
|2 rdacontent
|
| 337 |
|
|
|a ohne Hilfsmittel zu benutzen
|b n
|2 rdamedia
|
| 338 |
|
|
|a Band
|b nc
|2 rdacarrier
|
| 490 |
1 |
|
|a Vetus testamentum et orbis antiquus
|v Band 1
|
| 500 |
|
|
|a Mit Tabellen (Seite 422-458)
|
| 500 |
|
|
|a Dissertation ursprünglich eingereicht unter dem Titel: "Die Flamme des Herrn? Eine sprachliche Untersuchung und theologische Auswertung der Wurzel אהב im Alten Testament"
|
| 502 |
|
|
|b Dissertation
|c Ruprecht-Karls-Universität Heidelberg
|d 2022
|
| 583 |
1 |
|
|a Archivierung/Langzeitarchivierung gewährleistet
|f PENI
|x XA-DE-NI
|2 pdager
|5 DE-35
|
| 583 |
1 |
|
|a Archivierung/Langzeitarchivierung gewährleistet
|f FID
|x XA-DE-BW
|2 pdager
|5 DE-21
|
| 601 |
|
|
|a Philologe
|
| 601 |
|
|
|a Theologe
|
| 601 |
|
|
|a Untersuchung
|
| 601 |
|
|
|a Testament
|
| 652 |
|
|
|a HA:HB
|b DDCoderRVK
|
| 655 |
|
7 |
|a Hochschulschrift
|0 (DE-588)4113937-9
|0 (DE-627)105825778
|0 (DE-576)209480580
|2 gnd-content
|
| 689 |
0 |
0 |
|d u
|0 (DE-588)4001515-4
|0 (DE-627)104603666
|0 (DE-576)208843116
|a Bibel
|2 gnd
|p Altes Testament
|
| 689 |
0 |
1 |
|d s
|0 (DE-588)4023922-6
|0 (DE-627)106301276
|0 (DE-576)208952055
|2 gnd
|a Hebräisch
|
| 689 |
0 |
2 |
|d s
|0 (DE-588)4184003-3
|0 (DE-627)105298530
|0 (DE-576)210022663
|2 gnd
|a Suffix
|
| 689 |
0 |
3 |
|d s
|0 (DE-588)1311506195
|0 (DE-627)1871504694
|2 gnd
|a ahav
|g Morphem
|
| 689 |
0 |
4 |
|d s
|0 (DE-588)4035646-2
|0 (DE-627)104589647
|0 (DE-576)209013818
|2 gnd
|a Liebe
|
| 689 |
0 |
5 |
|d s
|0 (DE-588)4059758-1
|0 (DE-627)104131446
|0 (DE-576)209132159
|2 gnd
|a Theologie
|
| 689 |
0 |
|
|5 DE-101
|
| 710 |
2 |
|
|e Grad-verleihende Institution
|0 (DE-588)2024349-2
|0 (DE-627)102161488
|0 (DE-576)191769517
|4 dgg
|a Universität Heidelberg
|
| 710 |
2 |
|
|e Verlag
|0 (DE-588)2024420-4
|0 (DE-627)102163758
|0 (DE-576)191770086
|4 pbl
|a Vandenhoeck & Ruprecht
|
| 751 |
|
|
|a Heidelberg
|0 (DE-588)4023996-2
|0 (DE-627)106300814
|0 (DE-576)208952578
|4 uvp
|
| 776 |
0 |
8 |
|i Erscheint auch als
|n Online-Ausgabe
|a Bindrim, David, 1987 -
|t Die Flamme des Herrn?
|b 1st ed.
|d Göttingen : Vandenhoeck & Ruprecht, 2023
|h 1 online resource (545 pages)
|w (DE-627)1872953891
|z 9783647573595
|k Electronic
|
| 776 |
0 |
8 |
|i Erscheint auch als
|n Online-Ausgabe
|a Bindrim, David, 1987 -
|t Die Flamme des Herrn?
|d Göttingen : Vandenhoeck & Ruprecht, 2024
|h 1 Online-Ressource (X, 534 Seiten)
|w (DE-627)1877646652
|z 9783666573590
|k Electronic
|
| 787 |
0 |
8 |
|i Rezensiert in
|a Schmitz, Tobias
|t [Rezension von: Bindrim, David, 1987-, Die Flamme des Herrn? : eine philologische und theologische Untersuchung der Wurzel אהב (ahav) im Alten Testament]
|d 2024
|w (DE-627)1915132010
|
| 787 |
0 |
8 |
|i Rezensiert in
|a Hieke, Thomas, 1968 -
|t [Rezension von: Bindrim, David, 1987-, Die Flamme des Herrn? : eine philologische und theologische Untersuchung der Wurzel אהב (ahav) im Alten Testament]
|d 2025
|w (DE-627)1920618945
|
| 830 |
|
0 |
|a Vetus testamentum et orbis antiquus
|v Band 1
|9 1
|w (DE-627)1844894541
|w (DE-600)3157654-0
|x 2941-2161
|7 am
|
| 856 |
4 |
2 |
|u https://d-nb.info/128487107X/04
|m B:DE-101
|q application/pdf
|x Verlag
|3 Inhaltsverzeichnis
|7 1
|
| 856 |
4 |
2 |
|u https://swbplus.bsz-bw.de/bsz1841648760kla.htm
|m V:DE-576
|m B:DE-21
|v 20240113193104
|3 Klappentext
|7 1
|
| 856 |
4 |
2 |
|u https://swbplus.bsz-bw.de/bsz1841648760ref.htm
|m V:DE-576
|m B:DE-21
|v 20240120193100
|3 Literaturverzeichnis
|7 1
|
| 880 |
3 |
0 |
|6 246-01/Hebr/r
|a אהב
|
| 935 |
|
|
|a mteo
|a BIIN
|
| 936 |
b |
k |
|a 11.41
|j Theologie des Alten Testaments
|0 (DE-627)106419633
|
| 936 |
b |
k |
|a 17.56
|j Semantik
|0 (DE-627)10640492X
|
| 936 |
b |
k |
|a 18.75
|j Hebräische Sprache und Literatur
|0 (DE-627)106417886
|
| 951 |
|
|
|a BO
|
| BIB |
|
|
|a 1
|
| ELC |
|
|
|b 1
|
| ITA |
|
|
|a 1
|t 1
|
| LOK |
|
|
|0 000 xxxxxcx a22 zn 4500
|
| LOK |
|
|
|0 001 4418414452
|
| LOK |
|
|
|0 003 DE-627
|
| LOK |
|
|
|0 004 1841648760
|
| LOK |
|
|
|0 005 20240108075441
|
| LOK |
|
|
|0 008 231127||||||||||||||||ger|||||||
|
| LOK |
|
|
|0 040
|a DE-21
|c DE-627
|d DE-21
|
| LOK |
|
|
|0 852
|a DE-21
|
| LOK |
|
|
|0 852 1
|c 64 A 16
|9 00
|
| LOK |
|
|
|0 935
|a theo
|
| LOK |
|
|
|0 938
|a 2401
|f 2
|
| LOK |
|
|
|0 939
|a 27-11-23
|b l01
|
| LOK |
|
|
|0 000 xxxxxcx a22 zn 4500
|
| LOK |
|
|
|0 001 4442775443
|
| LOK |
|
|
|0 003 DE-627
|
| LOK |
|
|
|0 004 1841648760
|
| LOK |
|
|
|0 005 20231221231148
|
| LOK |
|
|
|0 008 231221||||||||||||||||ger|||||||
|
| LOK |
|
|
|0 040
|a DE-Tue135
|c DE-627
|d DE-Tue135
|
| LOK |
|
|
|0 092
|o n
|
| LOK |
|
|
|0 852
|a DE-Tue135
|
| LOK |
|
|
|0 852 1
|9 00
|
| LOK |
|
|
|0 935
|a ixbt
|
| LOK |
|
|
|0 939
|a 08-12-23
|b l01
|
| LOK |
|
|
|0 000 xxxxxcx a22 zn 4500
|
| LOK |
|
|
|0 001 4686452961
|
| LOK |
|
|
|0 003 DE-627
|
| LOK |
|
|
|0 004 1841648760
|
| LOK |
|
|
|0 005 20250312192658
|
| LOK |
|
|
|0 008 250312||||||||||||||||ger|||||||
|
| LOK |
|
|
|0 040
|a DE-Tue135-1
|c DE-627
|d DE-Tue135-1
|
| LOK |
|
|
|0 852
|a DE-Tue135-1
|
| LOK |
|
|
|0 852 1
|m p
|9 00
|
| LOK |
|
|
|0 935
|a inmo
|
| LOK |
|
|
|0 938
|k p
|
| LOK |
|
|
|0 939
|a 12-03-25
|b l01
|
| ORI |
|
|
|a SA-MARC-ixtheoa001.raw
|
| REF |
|
|
|a Alttestamentliche Theologie
|
| REL |
|
|
|a 1
|
| STA |
0 |
0 |
|a Hebrew language,Old Hebrew language,Old Testament Hebrew language,Love,Love,Agape,Love in art,Suffix,Theology,Theology
|
| STB |
0 |
0 |
|a Amour,Amour,Hébreu,Suffixe,Théologie,Théologie
|
| STC |
0 |
0 |
|a Amor,Amor,Hebreo,Sufijo,Teología,Teología
|
| STD |
0 |
0 |
|a Amore,Amore,Ebraico,Suffisso,Teologia,Teologia
|
| STE |
0 |
0 |
|a 后缀,希伯来语,希伯来文,爱,爱,神学家
|
| STF |
0 |
0 |
|a 希伯來語,希伯來文,後綴,愛,愛,神學家
|
| STG |
0 |
0 |
|a Amor,Amor,Hebraico,Sufixo,Teologia,Teologia
|
| STH |
0 |
0 |
|a Богословие (мотив),Богословие,Иврит,Любовь (мотив),Любовь,Суффикс
|
| STI |
0 |
0 |
|a Αγάπη (μοτίβο),Αγάπη,Εβραϊκή γλώσσα,Επίθημα,Κατάληξη,Θεολογία (μοτίβο),Θεολογία
|
| SUB |
|
|
|a BIB
|a REL
|
| SYG |
0 |
0 |
|a Hebrew Bible, critical edition,HBCE,Oxford Hebrew Bible,Biblia Hebraica quinta,BHQ,Biblia Hebraica,Biblia Hebraica,Hebräische Bibel,Septuaginta,Septuagint,Masoretentext,Massoretentext,Masoretischer Text,Altes Testament,Tenach,Testamentum vetus,Vetus testamentum,Erstes Testament,L'Ancien Testament,The Old Testament,Jüdische Bibel,Tanach,Tanakh,Tenakh,Miqra,al-ʿAhd al-ʿatīq,Torah neviʾim ketuvim,Torah neviʾim u-ketuvim,Sefer Torah neviʾim ketuvim,Tôrā nĕvîʾîm û-ḵtûvîm,Die Israelitische Bibel,The Hebrew Bible,Kyûyaku Seisho,Tèstamènt bieu,Antiguo Testamento,Nnom Elat,Bible,O.T.,Bible,Old Testament,תנ"ך,תנך , Althebräisch,Biblisches Hebräisch,Bibelhebräisch,Alttestamentliches Hebräisch,Klassisches Hebräisch,Biblisch-hebräisch , Nachsilbe,Endung,Suffixe , Liebesempfindung,Liebesgefühl , Christliche Theologie
|